Human Research Management (Record no. 4956)
[ view plain ]
| 000 -LEADER | |
|---|---|
| fixed length control field | 00344nam a2200133Ia 4500 |
| 008 - FIXED-LENGTH DATA ELEMENTS--GENERAL INFORMATION | |
| fixed length control field | 191201s2009 xx 000 0 und d |
| 082 ## - DEWEY DECIMAL CLASSIFICATION NUMBER | |
| Classification number | 658.3 |
| Item number | NAH |
| 100 ## - MAIN ENTRY--PERSONAL NAME | |
| Personal name | NARAYANAPPA,G.L |
| 245 #0 - TITLE STATEMENT | |
| Title | Human Research Management |
| 260 ## - PUBLICATION, DISTRIBUTION, ETC. (IMPRINT) | |
| Place of publication, distribution, etc | Chennai |
| Name of publisher, distributor, etc | Scitech Publication Chennai and Hadrabad |
| Date of publication, distribution, etc | 2009 |
| 300 ## - PHYSICAL DESCRIPTION | |
| Extent | MISC |
| 650 ## - SUBJECT ADDED ENTRY--TOPICAL TERM | |
| Topical term or geographic name as entry element | BBA |
| 942 ## - ADDED ENTRY ELEMENTS (KOHA) | |
| Source of classification or shelving scheme | Dewey Decimal Classification |
| Koha item type | Text Books |
| Withdrawn status | Lost status | Source of classification or shelving scheme | Damaged status | Not for loan | Collection code | Home library | Current library | Date acquired | Source of acquisition | Cost, normal purchase price | Bill Number | Total Checkouts | Full call number | Acc. no. / Barcode | Date last seen | Date last borrowed | Bill Date | Koha item type |
|---|---|---|---|---|---|---|---|---|---|---|---|---|---|---|---|---|---|---|
| Dewey Decimal Classification | BBA | PIET C-LIBRARY | PIET C-LIBRARY | 30/07/2011 | The book company | 200.00 | IN-859 | 1 | 658.3 NAH | 18036 | 03/01/2025 | 20/12/2024 | 27/07/2011 | Text Books | ||||
| Dewey Decimal Classification | BBA | PIET C-LIBRARY | PIET C-LIBRARY | 30/07/2011 | The book company | 200.00 | IN-859 | 4 | 658.3 NAH | 18037 | 28/04/2026 | 16/04/2026 | 27/07/2011 | Text Books | ||||
| Dewey Decimal Classification | BBA | PIET C-LIBRARY | PIET C-LIBRARY | 30/07/2011 | The book company | 200.00 | IN-859 | 4 | 658.3 NAH | 18038 | 25/03/2026 | 11/03/2026 | 27/07/2011 | Text Books | ||||
| Dewey Decimal Classification | BBA | PIET C-LIBRARY | PIET C-LIBRARY | 30/07/2011 | The book company | 200.00 | IN-859 | 6 | 658.3 NAH | 18039 | 11/05/2026 | 28/04/2026 | 27/07/2011 | Text Books | ||||
| Dewey Decimal Classification | BBA | PIET C-LIBRARY | PIET C-LIBRARY | 30/07/2011 | The book company | 200.00 | IN-859 | 658.3 NAH | 18040 | 04/12/2019 | 27/07/2011 | Text Books |